000
00208 a2200097 4500
020
_a
9781877727627
041
_a
eng
100
_a
Rosario Aguilar
245
_a
The lost chronicles of tierra firma
942
_c
BK
999
_c
13783
_d
13783